Marubhoomiyile swapnam/ (Record no. 141621)

000 -LEADER
fixed length control field 00447nam a22001577a 4500
020 ## - INTERNATIONAL STANDARD BOOK NUMBER
International Standard Book Number 9789385301148
082 ## - DEWEY DECIMAL CLASSIFICATION NUMBER
Classification number M301
Item number BAL/M
100 ## - MAIN ENTRY--PERSONAL NAME
Personal name Balakrishnan
9 (RLIN) 154328
245 ## - TITLE STATEMENT
Title Marubhoomiyile swapnam/
Statement of responsibility, etc. by Balakrishnan
260 ## - PUBLICATION, DISTRIBUTION, ETC.
Place of publication, distribution, etc. Kottayam:
Name of publisher, distributor, etc. Sahitya Pravarthaka Cooperative Society,
Date of publication, distribution, etc. 2015.
300 ## - PHYSICAL DESCRIPTION
Extent 148p.
650 ## - SUBJECT ADDED ENTRY--TOPICAL TERM
Topical term or geographic name entry element Stories Malayalam
9 (RLIN) 154329
650 ## - SUBJECT ADDED ENTRY--TOPICAL TERM
Topical term or geographic name entry element Literature Malayalam
9 (RLIN) 154330
650 ## - SUBJECT ADDED ENTRY--TOPICAL TERM
Topical term or geographic name entry element Literature
9 (RLIN) 154331
942 ## - ADDED ENTRY ELEMENTS (KOHA)
Koha item type Book
Holdings
Withdrawn status Lost status Damaged status Not for loan Permanent Location Current Location Shelving location Date acquired Cost, normal purchase price Total Checkouts Full call number Barcode Date last seen Date last checked out Price effective from Koha item type
        Sree Sankaracharya University of Sanskrit Sree Sankaracharya University of Sanskrit Stacks 26.04.2019 120.00 3 M301 BAL/M 095113 29.08.2019 24.08.2019 26.04.2019 Book